Statistics for Rhyming Synonyms

Click here to take the quiz!

General Stats

  • This quiz has been taken 500 times
    (493 since last reset)
  • The average score is 11 of 22

Answer Stats

HintAnswer% Correct
Shake
82%
Redden with emotionBlush
78%
Violently tremble or vibrateQuake
68%
Step lively or rhythmicallyDance
66%
Flush
64%
Moan
62%
Deep, long sound to show
grief or discontent
Groan
61%
Prance
60%
Snip
56%
Walk smoothlyGlide
53%
Sparkle faintlyGlimmer
52%
Shimmer
51%
Shiver
51%
Cut, trimClip
50%
Slightly tremble or shudderQuiver
48%
Grasp
44%
Hold, gripClasp
38%
Quiet or silenceHush
37%
Shush
33%
Stride
33%
Stylish, slickChic
32%
Sleek
20%

Score Distribution

Percentile by Number Answered

Percent of People with Each Score

Your Score History

You have not taken this quiz since the last reset